| 000 | 00693nam a2200229 a 4500 | ||
|---|---|---|---|
| 005 | 20241012063731.0 | ||
| 008 | 060223s2002 mx r 000 0 spa d | ||
| 020 | _a8449311780 | ||
| 035 | _aUPN01000142674 | ||
| 049 | _aCG | ||
| 050 | 4 |
_aRC569.5 C5.5 _bM5.5 |
|
| 100 | 1 | _aMiller, Alice | |
| 245 | 1 | 3 |
_aLa madurez de Eva : _buna interpretación de la ceguera emocional / _cAlice Miller ; tr. Héctor Piquer. |
| 260 |
_aBarcelona, Esp. : _bPaidós, _c2002. |
||
| 300 | _a198 p. | ||
| 440 | 0 |
_aPaidós contextos ; _v71 |
|
| 534 |
_pTítulo original: _tEvas Erwachen |
||
| 650 | 4 |
_aAbuso de niños _971 |
|
| 650 | 4 |
_aPadres e hijos _91360 |
|
| 650 | 4 |
_aPsicoterapia _98720 |
|
| 905 | _aLibro | ||
| 999 |
_c114821 _d114821 |
||